Normal view MARC view

Entry Topical Term

Number of records used in: 2

001 - CONTROL NUMBER

  • control field: 10280

003 - CONTROL NUMBER IDENTIFIER

  • control field: dpl

005 - DATE AND TIME OF LATEST TRANSACTION

  • control field: 20100810151446.0

008 - FIXED-LENGTH DATA ELEMENTS

  • fixed length control field: 100810|||a|||||| | ||| d

040 ## - CATALOGING SOURCE

  • Original cataloging agency: dpl
  • Transcribing agency: dpl

150 ## - HEADING--TOPICAL TERM

  • Topical term or geographic name as entry element: Banerjea, Surendrenath, Sir,1848-1925

670 ## - SOURCE DATA FOUND

  • Source citation: Work cat.: (dpl): Anbazhagan, M. 10279, Moderates and extremists in Indian freedom movement (1885-1918) /, 2010

670 ## - SOURCE DATA FOUND

  • Source citation: Work cat.: (dpl): Anbazhagan, M. 10279, Moderates and extremists in Indian freedom movement (1885-1918) /, 2010

© Delhi Public Library
Hit Counter
free hit counter